000 00522nam a22002057a 4500
003 UA-OsUOA
001 11900
007 ta
008 20050420b un ||||| |||| 00| 0 ukr d
100 _aЛандэ Дмитрий
942 _cSA
040 _aUA-OsUOA
_bukr
_cUA-OsUOA
_dUA-OsUOA
245 _aПодобное в подобном
300 _aС.88-90
955 _a0
041 _aukr
044 _aUA
773 0 _w0
_tЧип
_dКиїв
_d2005
_g№4
650 7 _aІнформаційні технології
_2UDC
999 _c298061
_d298061